| 000 | 01541cam a22004574i 4500 | ||
|---|---|---|---|
| 003 | PE-LiUPU | ||
| 005 | 20250731172946.0 | ||
| 008 | 150623s1995 kyu rb 000 0 eng d | ||
| 020 | _a0664212980 | ||
| 035 | _a(Sirsi) i9780664212988 | ||
| 040 |
_aPE-LiUPU _bspa _cPE-LiUPU _erda |
||
| 049 | _aPRUA | ||
| 082 | 0 | 4 |
_a221.07 _bOTL _221 |
| 100 | 1 |
_aPetersen, David L., _eautor. |
|
| 245 | 1 | 0 |
_aZechariah 9-14 and Malachi : _bA commentary / _cDavid L. Petersen. |
| 264 | 1 |
_aLouisville, Kentucky : _bWestminster John Knox Press, _c1995. |
|
| 300 |
_a233 páginas ; _c23 centímetros. |
||
| 336 |
_atext _2rdacontent |
||
| 337 |
_aunmediated _2rdamedia |
||
| 338 |
_avolume _2rdacarrier |
||
| 490 | 1 | _a(The Old Testament Library) | |
| 504 | _aIncluye bibliografía. | ||
| 505 | 0 | _aZechariah 9-11 The first "Oracle" -- Zechariah 12-14 -- The second "Oracle" -- Malachi -- The third "Oracle". | |
| 526 | _aSEG42 | ||
| 526 | _aSEG41 | ||
| 526 | _aSEG40 | ||
| 526 | _aSEG39 | ||
| 526 | _aP94 | ||
| 526 | _aP87 | ||
| 526 | _aP86 | ||
| 526 | _aP85 | ||
| 526 | _aP77 | ||
| 526 | _aP76 | ||
| 526 | _aP35 | ||
| 630 |
_aBiblia. _pMalaquías _xCrítica e interpretación |
||
| 630 |
_aBiblia. _pA.T. _pZacarías _xComentarios. |
||
| 942 |
_2ddc _cBK |
||
| 949 |
_a221.07 OTL 38 _wDEWEY _c1 _i44769 _lCCODEBUL1 _mBUL _r0 _sY _tBOOK _u2015-6-24 _xTEOLOGIA _0COMPRA _o.STAFF. Colección Teología |
||
| 999 |
_c21638 _d21638 |
||
| 980 |
_81 _gALBERTO SANCHEZ Responsable de Automatización |
||